000 00465nam a22001817a 4500
003 CEME
005 20210628204102.0
008 210107b xxu||||| |||| 00| 0 eng d
020 _a9780763649937
040 _cceme
082 _a823 KNU
100 _aKnudsen, Michaelle
_968661
245 _aThe dragon of trelian
260 _aUSA
_bCANDLEWICK PRESS
_c2009
300 _a407P
650 _aENGLISH LITERATURE-THE DRAGON OF TRELIAN.
_968662
942 _cBK
_2ddc
999 _c576171
_d576171